Statystyki dla Chivas- koleżanko mojej byłej

Kliknij tutaj aby rozwiązać quiz!

Ogólne statystyki

  • Ten quiz został rozwiązany 23 razy
  • Średni wynik to 208 z 283

Statystyki odpowiedzi

Odpowiedź% Poprawnych
z
100%
byłej
94%
czuła
94%
dużo
94%
i
94%
koleżanko
94%
mi
94%
miałem
94%
mojej
94%
nie
94%
przy
94%
raka
94%
te
94%
to
94%
udawała
94%
w
94%
że
94%
bez
88%
bluza
88%
bo
88%
chivasowa
88%
dziewczynę
88%
ja
88%
może
88%
no
88%
po
88%
skoczę
88%
sobie
88%
ta
88%
teraz
88%
ty
88%
za
88%
ale
81%
bungee
81%
dalej
81%
do
81%
dwóch
81%
dziewczyna
81%
która
81%
ładowarki
81%
łamie
81%
ma
81%
moja
81%
niej
81%
pierwsza
81%
podpięty
81%
przytulanie
81%
serca
81%
sercach
81%
śpi
81%
umarła
81%
wcale
81%
wszystko
81%
boli
75%
dawno
75%
jak
75%
jednocześnie
75%
karki
75%
mam
75%
miejscach
75%
pierdolę
75%
podeszwa
75%
poprzez
75%
popsułaś
75%
temu
75%
chodzę
69%
czyli
69%
ej
69%
gdzie
69%
jestem
69%
kable
69%
każde
69%
łączą
69%
lightning
69%
nas
69%
odciśnięta
69%
pęka
69%
pytaj
69%
terapiach
69%
trzy
69%
tylko
69%
żyję
69%
bólem
63%
butem
63%
być
63%
druga
63%
guzem
63%
ich
63%
koleżanko
63%
miłość
63%
mnie
63%
naraz
63%
szczęścia
63%
znam
63%
boleć
56%
chcę
56%
czuję
56%
deptała
56%
ex
56%
fatality
56%
idiota
56%
łaskotać
56%
nowa
56%
postać
56%
powinna
56%
się
56%
także
56%
umieram
56%
znów
56%
życzę
56%
bagno
50%
byłem
50%
każdej
50%
mają
50%
motyle
50%
nim
50%
ostrza
50%
postępuje
50%
próbują
50%
wam
50%
wczoraj
50%
zamiast
50%
jeszcze
44%
klekoczą
44%
odejdźcie
44%
trzepotać
44%
was
44%
życzyłem
44%
będę
38%
dzień
38%
możemy
38%
nauczyłem
38%
obie
38%
pojednać
38%
przecież
38%
przyjdzie
38%
taki
38%
uśmiechać
38%
wrażenie
38%
zdjęć
38%
breakdown
31%
chyba
31%
dowiedział
31%
kiedy
31%
końcu
31%
nikt
31%
przechodzimy
31%
razem
31%
wtedy
31%
żeby
31%
powiem
25%
przytulenie
25%

Rozkład punktacji

Percentyl według liczby udzielonych odpowiedzi

Procent ludzi z każdym wynikiem

Twoja historia wyników

Nie rozwiązałeś tego quizu